El régimen jurídico de la comunicación local (Record no. 34577)

MARC details
000 -LEADER
fixed length control field 00929nam a22002057a 4500
005 - DATE AND TIME OF LATEST TRANSACTION
control field 20230426124708.0
008 - FIXED-LENGTH DATA ELEMENTS--GENERAL INFORMATION
fixed length control field 230208b sp ||||| |||| 00| 0 spa d
020 ## - INTERNATIONAL STANDARD BOOK NUMBER
International Standard Book Number 8472488756
050 04 - LIBRARY OF CONGRESS CALL NUMBER
Classification number KKT3482.A67
Item number R44 2002
111 1# - MAIN ENTRY--MEETING NAME
Meeting name or jurisdiction name as entry element Seminario de Comunicación local organizado por la Universidad Carlos III yla fundación Pi i Sunjer
245 03 - TITLE STATEMENT
Title El régimen jurídico de la comunicación local
Statement of responsibility, etc / Tomás de la Quadra-Salcedo coordinador ; autores Tomás Font I Llovet,...[et al].
250 ## - EDITION STATEMENT
Edition statement 1a ed.
260 ## - PUBLICATION, DISTRIBUTION, ETC. (IMPRINT)
Place of publication, distribution, etc Madrid :
Name of publisher, distributor, etc Marcial Pons ;
-- Ediciones Jurídicas y Sociales.
Date of publication, distribution, etc 2002
300 ## - PHYSICAL DESCRIPTION
Extent 234 p. ;
Dimensions 21 cm.
504 ## - BIBLIOGRAPHY, ETC. NOTE
Bibliography, etc Incluye bibliografía
650 #7 - SUBJECT ADDED ENTRY--TOPICAL TERM
Source of heading or term lemb
Topical term or geographic name as entry element Medios de comunicación de masas
Form subdivision Congresos y conferencias
General subdivision Legislación
Geographic subdivision España
650 #4 - SUBJECT ADDED ENTRY--TOPICAL TERM
Topical term or geographic name as entry element Medios de comunicación masiva
Form subdivision Congresos y conferencias
General subdivision Legislación
Geographic subdivision España
700 1# - ADDED ENTRY--PERSONAL NAME
Personal name Quadra Salcedo, Tomás de la,
Relator term coordinador
942 ## - ADDED ENTRY ELEMENTS (KOHA)
Source of classification or shelving scheme Biblioteca del Cogreso de los Estados Unidos
Koha item type Libro
Holdings
Estado de pérdida Fuente de clasificación Estado del daño No para préstamo Ubicación permanente Ubicación actual Apartado o colección Fecha de adquisición Edición Área del conocimiento Total Checkouts Clasificación Código de Barras Date last seen Número de copia Costo por reposición Tipo de recurso
  Biblioteca del Cogreso de los Estados Unidos     Biblioteca del Posgrado en Derecho Biblioteca del Posgrado en Derecho Colección Ernesto Villanueva 26/04/2023 1a ed. Ciencias Sociales y Administrativas   KKT3482.A67 R44 2002 BPD000001972 26/04/2023 1 1.00 Libro